[Event "Athens of East GM-Open 2019"]
[Site "Madurai"]
[Date "2019.08.16"]
[Round "8.6"]
[White "Nikhil Magizhnan"]
[Black "Mosadeghpour, Masoud"]
[Result "0-1"]
[WhiteElo "2164"]
[BlackElo "2494"]
[Annotator "RC"]
[PlyCount "160"]
[EventDate "2019.08.11"]
[EventType "swiss"]
[EventCountry "IND"]
[SourceTitle "playchess.com"]
[Source "ChessBase"]
[SourceQuality "1"]
[TimeControl "5400+30"]

1. e4 {[%emt 0:01:03]} c5 {[%emt 0:05:06]} 2. Nf3 {[%emt 0:00:14]} d6 {[%emt 0:00:16]} 3. Bc4 {[%emt 0:00:03]} Nc6 {[%emt 0:01:03]} 4. d3 {[%emt 0:01:51]} Nf6 {[%emt 0:01:10]} 5. c3 {[%emt 0:00:36]} g6 {[%emt 0:00:52]} 6. O-O {[%emt 0:04:43]} Bg7 {[%emt 0:00:54]} 7. Bb3 {[%emt 0:02:11]} O-O {[%emt 0:00:57]} 8. h3 {[%emt 0:01:47]} b5 {[%emt 0:09:13]} 9. Be3 {[%emt 0:02:34]} Bb7 {[%emt 0:01:55]} 10. Nbd2 {[%emt 0:03:44]} Rc8 {[%emt 0:11:20]} 11. d4 {[%emt 0:01:41]} Na5 {[%emt 0:09:12]} 12. Bc2 {[%emt 0:02:06]} e6 {[%emt 0:03:14]} 13. a4 {[%emt 0:03:54]} b4 {[%emt 0:04:00]} 14. cxb4 {[%emt 0:02:16]} cxb4 {[%emt 0:00:45]} 15. Bd3 {[%emt 0:01:10]} Qd7 {[%emt 0:14:09]} 16. Ne1 {[%emt 0:07:43]} d5 {[%emt 0:02:07]} 17. e5 {[%emt 0:02:57]} Ne4 {[%emt 0:00:05]} 18. f3 {[%emt 0:14:23]} Ng3 {[%emt 0:01:57]} 19. Rf2 {[%emt 0:01:30]} Nc4 {[%emt 0:00:17]} 20. Bf4 {[%emt 0:05:52]} Nxb2 {[%emt 0:04:49]} 21. Bb5 {[%emt 0:07:04]} Qxb5 {[%emt 0:03:04]} 22. axb5 {[%emt 0:00:30]} Nxd1 {[%emt 0:00:04]} 23. Rxd1 {[%emt 0:02:53]} Nf5 {[%emt 0:00:49]} 24. Nb3 {[%emt 0:00:19]} f6 {[%emt 0:05:52]} 25. exf6 {[%emt 0:01:01]} Bxf6 {[%emt 0:00:27]} 26. g4 {[%emt 0:01:19]} Rc3 {[%emt 0:13:35]} 27. Nc5 {[%emt 0:15:07]} Nxd4 {[%emt 0:00:10]} 28. Nxb7 {[%emt 0:00:16]} Nxb5 {[%emt 0:00:06]} 29. Nd6 {[%emt 0:01:43]} Na3 {[%emt 0:01:46]} 30. Re2 {[%emt 0:01:04]} b3 {[%emt 0:01:29]} 31. Bd2 {[%emt 0:03:29]} b2 {[%emt 0:01:34]} 32. Bxc3 {[%emt 0:00:37]} Bxc3 {[%emt 0:00:01]} 33. Rxe6 {[%emt 0:01:42]} b1=Q {[%emt 0:00:10]} 34. Rxb1 {[%emt 0:00:07]} Nxb1 {[%emt 0:00:03]} 35. Nb5 {[%emt 0:02:10]} a5 {[%emt 0:01:36]} 36. Nxc3 {[%emt 0:01:11]} Nxc3 {[%emt 0:00:01]} 37. Rc6 {[%emt 0:00:39]} d4 {[%emt 0:01:48]} 38. Nc2 {[%emt 0:01:30]} Ne2+ {[%emt 0:00:28]} 39. Kf2 {[%emt 0:00:27]} d3 {[%emt 0:00:10]} 40. Rc5 {[%emt 0:02:16]} a4 {[%emt 0:02:02]} 41. Nb4 {[%emt 0:00:59]} Nd4 {[%emt 0:00:35]} 42. Rd5 {[%emt 0:00:28]} Nxf3 {[%emt 0:00:29]} 43. Nxd3 {[%emt 0:00:07]} Ne5+ {[%emt 0:00:52]} 44. Ke2 {[%emt 0:01:47]} Nxd3 {[%emt 0:00:04]} 45. Rxd3 {[%emt 0:01:27]} Ra8 {[%emt 0:00:05]} 46. Ra3 {[%emt 0:00:00]} Kf7 {[%emt 0:00:41]} 47. Ke3 {[%emt 0:00:00]} Kf6 {[%emt 0:00:14]} 48. Kf4 {[%emt 0:00:00]} h6 {[%emt 0:00:44]} 49. Ke4 {[%emt 0:00:00]} Kg5 {[%emt 0:00:33]} 50. Ke5 {[%emt 0:00:00]} Ra6 {[%emt 0:00:38]} 51. Kd4 {[%emt 0:00:16]} Ra5 {[%emt 0:00:58]} 52. Ke4 {[%emt 0:00:16]} Kh4 {[%emt 0:00:50]} 53. Kf4 {[%emt 0:00:05]} Ra8 {[%emt 0:00:25]} 54. Ke5 {[%emt 0:00:19]} Ra6 {[%emt 0:00:05]} 55. Kf4 {[%emt 0:00:10]} Ra5 {[%emt 0:00:20]} 56. Ke4 {[%emt 0:00:16]} g5 {[%emt 0:00:48]} 57. Kd4 {[%emt 0:00:36]} Rb5 {[%emt 0:00:16]} 58. Ke4 {[%emt 0:00:34]} Rb3 {[%emt 0:00:45]} 59. Rxa4 {[%emt 0:00:12]} Rxh3 {[%emt 0:00:45]} 60. Kf5 {[%emt 0:00:06]} h5 {[%emt 0:00:40]} 61. gxh5+ {[%emt 0:00:26]} Kxh5 {[%emt 0:00:04]} 62. Ra1 {[%emt 0:01:29]} g4 {[%emt 0:00:27]} 63. Ke4 {[%emt 0:00:46]} Rf3 {[%emt 0:00:57]} 64. Rh1+ {[%emt 0:00:07]} Kg5 {[%emt 0:00:05]} 65. Rh8 {[%emt 0:00:40]} Rf7 {[%emt 0:00:11]} 66. Ke3 {[%emt 0:00:43]} g3 {[%emt 0:00:10]} 67. Ke2 {[%emt 0:00:09]} Kg4 {[%emt 0:00:07]} 68. Ke1 {[%emt 0:00:40]} g2 {[%emt 0:00:39]} 69. Ke2 {[%emt 0:00:01]} Kg3 {[%emt 0:00:58]} 70. Rg8+ {[%emt 0:00:12]} Kh2 {[%emt 0:00:06]} 71. Rh8+ {[%emt 0:00:20]} Kg1 {[%emt 0:00:03]} 72. Rh6 {[%emt 0:00:39]} Rf5 {[%emt 0:01:10]} 73. Rh8 {[%emt 0:00:25]} Re5+ {[%emt 0:00:09]} 74. Kd2 {[%emt 0:00:18]} Kf2 {[%emt 0:00:36]} 75. Rf8+ {[%emt 0:00:03]} Kg3 {[%emt 0:00:10]} 76. Rg8+ {[%emt 0:00:04]} Kf3 {[%emt 0:00:04]} 77. Kd1 {[%emt 0:01:06]} Re4 {[%emt 0:00:15]} 78. Rf8+ {[%emt 0:00:07]} Rf4 {[%emt 0:00:08]} 79. Rg8 {[%emt 0:00:06]} Rg4 {[%emt 0:00:09]} 80. Rf8+ {[%emt 0:00:04]} Kg3 {[%emt 0:00:07]} 0-1

[Event "Athens of East GM-Open 2019"]
[Site "Madurai"]
[Date "2019.08.16"]
[Round "8.7"]
[White "Shyaamnikhil P"]
[Black "Sahoo, Utkal Ranjan"]
[Result "1/2-1/2"]
[WhiteElo "2456"]
[BlackElo "2278"]
[Annotator "TA"]
[PlyCount "61"]
[EventDate "2019.08.11"]
[EventType "swiss"]
[EventCountry "IND"]
[SourceTitle "playchess.com"]
[Source "ChessBase"]
[SourceQuality "1"]

{[%evp 16,61,35,30,18,25,22,17,38,31,41,14,49,47,47,45,51,50,64,37,37,43,46,-36,-27,-26,-35,-33,-33,-63,-42,-67,-66,-62,-51,-67,-43,-81,-75,-78,0,-90,0,-80,0,-82,0,-68]} 1. b3 d5 2. Bb2 Nf6 3. e3 g6 4. c4 c6 5. Nf3 Bg7 6. d4 Bf5 7. Nc3 O-O 8. Be2 Ne4 9. O-O Nxc3 {A12: English Opening: 1...c6 with b3 by White} 10. Bxc3 Nd7 {[%cal Bb8d7,Bd7f6,Bf6e4][%mdl 32]} 11. Rc1 Rc8 (11... Re8 12. cxd5 cxd5 13. Bd3 Bxd3 14. Qxd3 Rc8 15. Qb5 Nb6 16. Bb2 Qd7 17. Qa5 {1-0 (37) Santiago,Y (2406)-Heinemann,J (2160) Caleta 2015}) 12. Nh4 Be6 13. f4 $146 ({Predecessor:} 13. Qd2 Nf6 14. Qb2 Ne4 15. Be1 c5 16. Nf3 Qb6 17. Qa3 cxd4 18. Nxd4 Bxd4 19. exd4 dxc4 {0-1 (57) Kitagami,S (2060)-Hall,B Los Angeles 2010}) 13... f5 14. c5 Nf6 15. b4 Ne4 16. Be1 b5 17. h3 Bf6 18. a4 a6 {[%cal Ba7a6,Ba6b5][%mdl 32]} 19. g4 ({Better is} 19. Nf3 $14) 19... fxg4 $15 20. hxg4 g5 21. Ng2 $1 Qd7 22. Bf3 Kh8 23. axb5 axb5 24. Ra1 Bg7 25. Ra5 h6 (25... h5 $5 26. gxh5 Bf5 $11) 26. Kh2 Ra8 27. Kg1 Rac8 28. Kh2 $1 Ra8 29. Kg1 $1 Rac8 30. Kh2 Ra8 31. Kg1 $1 {Accuracy: White = 48%, Black = 42%.} 1/2-1/2

[Event "Athens of East GM-Open 2019"]
[Site "Madurai"]
[Date "2019.08.16"]
[Round "8.8"]
[White "Ram, S. Krishnan"]
[Black "Khusenkhojaev, Muhammad"]
[Result "1/2-1/2"]
[WhiteElo "2192"]
[BlackElo "2441"]
[Annotator "TA"]
[PlyCount "95"]
[EventDate "2019.08.11"]
[EventType "swiss"]
[EventCountry "IND"]
[SourceTitle "playchess.com"]
[Source "ChessBase"]
[SourceQuality "1"]

{[%evp 16,95,33,16,15,18,18,28,15,34,33,28,32,-16,1,-49,-10,-14,-15,-6,9,27,13,30,72,64,63,58,65,65,160,110,113,102,106,102,110,110,189,181,308,308,285,124,131,127,131,130,112,93,97,85,84,0,0,0,0,0,0,0,0,0,0,0,0,0,0,0,0,0,1,0,0,-8,-8,-8,-8,-8,0,0,0,-8]} 1. d4 Nf6 2. c4 g6 3. f3 d5 4. cxd5 Nxd5 5. e4 Nb6 6. Nc3 Bg7 7. Be3 O-O 8. Qd2 e5 9. d5 c6 $1 {D70: Grünfeld: Unusual White 3rd moves (met by ...d5)} 10. h4 (10. Rd1 cxd5 11. exd5 N8d7 12. Nh3 e4 13. fxe4 Ne5 14. Nf2 f5 15. Bc5 Rf7 16. Be2 f4 17. Bf3 {½-½ (25) Aronian,L (2805)-Vachier Lagrave,M (2789) London 2017}) 10... cxd5 $1 11. exd5 Na6 {White has an edge.} 12. h5 Nb4 {[%cal Rb4d5]} 13. hxg6 Bf5 $1 14. gxf7+ Rxf7 {[#] And now ...Nc2+ would win.} 15. Ne4 $146 ({Predecessor:} 15. Rc1 Rc8 16. Bxb6 Qxb6 17. a3 {1-0 (47) Goganov,A (2563)-Paravyan,D (2603) Taganrog 2018}) 15... N6xd5 16. Bg5 $1 {[%cal Rg5d8]} Qa5 17. Rc1 $132 {[%mdl 2048] White is fighting back} Rc7 18. Rxc7 $1 Qxc7 19. b3 Nc2+ 20. Kd1 {aiming for Bc4.} Nd4 {...Bxe4 is the strong threat.} 21. Bc4 Be6 22. Ne2 Qf7 (22... Nxe2 $1 $14 23. Qxe2 (23. Bxd5 Nd4 $14) 23... Nf4) 23. Nc5 b5 24. Nxe6 {[%mdl 64] Pin} bxc4 25. Nxg7 ({Don't play} 25. bxc4 $6 Qxe6 26. cxd5 Qf5 $11) 25... cxb3 26. axb3 Qxg7 (26... Nxe2 $16 {is a better defense.} 27. Kxe2 Kxg7) 27. Rh4 $1 $18 {[%cal Rh4g4] Threatens to win with Rg4.} Qb7 (27... Qg6 {was necessary.}) 28. Nxd4 exd4 29. Rxd4 (29. Qd3 $18 {and the rest is easy.}) 29... Qxb3+ $16 {[#]} 30. Ke1 $1 Re8+ 31. Kf2 Qb6 32. Kg3 Qd6+ 33. f4 Qa3+ {[#]} 34. Rd3 (34. Kh4 $1 $16 Ne3 35. g4) 34... Qxd3+ $1 $11 {[%mdl 64] Remove Defender. The position is equal.} 35. Qxd3 Re3+ 36. Qxe3 $1 Nxe3 {[%mdl 4096] Endgame KB-KN} 37. Kf3 Nc4 38. Ke4 Kf7 39. g4 a5 40. Kd3 Nd6 41. f5 a4 42. Bf4 Nc8 43. g5 Ne7 44. g6+ hxg6 45. fxg6+ Kxg6 46. Kc4 Nc6 47. Kb5 Kf5 48. Kxa4 {Accuracy: White = 61%, Black = 63%.} 1/2-1/2

[Event "Athens of East GM-Open 2019"]
[Site "Madurai"]
[Date "2019.08.16"]
[Round "8.9"]
[White "Karthikeyan, P.."]
[Black "Aaryan Varshney"]
[Result "1-0"]
[WhiteElo "2415"]
[BlackElo "2272"]
[Annotator "TA"]
[PlyCount "115"]
[EventDate "2019.08.11"]
[EventType "swiss"]
[EventCountry "IND"]
[SourceTitle "playchess.com"]
[Source "ChessBase"]
[SourceQuality "1"]

{[%evp 14,115,34,22,24,44,33,19,9,28,78,83,212,214,354,281,290,272,273,269,275,273,272,260,263,208,240,224,229,231,197,198,179,177,208,206,210,200,190,200,220,219,228,200,223,227,230,217,225,224,217,224,330,239,313,318,350,353,474,469,465,475,543,449,563,552,535,534,867,842,1008,959,1165,1041,5197,4948,1376,4181,29969,29961,29980,29981,29981,29982,29982,29983,29984,29985,29985,29986,29986,29987,29987,29988,29989,29989,29989,29990,29990,29991,29990,29991,29993,29994]} 1. d4 Nf6 2. c4 e6 3. Nf3 d5 4. Nc3 Be7 5. Bf4 O-O 6. e3 c5 7. dxc5 Bxc5 8. a3 dxc4 {D37: Queen's Gambit Declined: 5 Bf4} (8... Nc6 9. Qc2 Qa5 10. Rd1 Rd8 11. Be2 Ne4 12. cxd5 Nxc3 13. bxc3 exd5 14. O-O h6 15. a4 Bd6 16. Bxd6 Rxd6 17. c4 Rb8 18. c5 {½-½ (27) Mamedyarov,S (2790)-Karjakin,S (2753) Shamkir 2019}) 9. Qc2 a6 10. Rd1 Nbd7 {The position is equal.} 11. Bxc4 h6 $146 ({Predecessor:} 11... b5 12. Bd3 Qb6 13. O-O h6 14. Ne5 Nxe5 15. Bxe5 Ng4 16. Ne4 Nxe5 17. Qxc5 Qxc5 18. Nxc5 Ra7 19. b4 Nd7 20. Nxd7 {½-½ (20) Piket,J (2625)-Beliavsky,A (2595) Groningen 1992}) 12. Ba2 Qe8 (12... Ba7 $16) 13. Bb1 $18 Qd8 (13... Qe7 $142 14. b4 Bb6) 14. Ne4 {aiming for Nxf6+.} Nxe4 15. Qxe4 {[%csl Gb1][%cal Re4h7]} f5 16. Qxe6+ Kh8 17. O-O ({Not} 17. Bxf5 Qa5+ 18. b4 Bxb4+ 19. axb4 Qxb4+ 20. Rd2 Nc5 $14) 17... Qf6 18. Qxf6 Nxf6 19. Ne5 Kg8 20. b4 Ba7 21. Ba2+ Kh7 22. h4 Bb8 23. Nd3 Bd7 24. Bxb8 Raxb8 25. Nc5 Bb5 {[#]} 26. Rfe1 $1 b6 27. Ne6 Rfc8 28. Bb1 g6 29. Nf4 h5 30. Rd6 Rc6 {[#]} 31. Rxc6 $1 Bxc6 32. Rc1 Rc8 (32... Be8 $142 33. Bd3 b5 34. Rc7+ Kh6) 33. f3 Bd7 34. Rxc8 Bxc8 35. e4 fxe4 36. Bxe4 Nxe4 37. fxe4 {[%mdl 4096] Endgame KB-KN} Kh6 38. Nh3 Kg7 39. Kf2 Kf6 40. Ke3 a5 41. Nf4 axb4 42. axb4 Bb7 43. Kd4 g5 44. Nd5+ Kg6 45. g3 gxh4 46. gxh4 {White mates.} b5 47. Kc5 Kf7 48. Kd6 Bc8 49. Nc7 Bg4 50. Nxb5 Bf3 51. e5 Bg4 52. Nc7 Bf5 53. b5 Bd3 54. e6+ Kf6 55. e7 Bg6 56. b6 Bf7 57. b7 Bg6 58. b8=Q {Accuracy: White = 95%, Black = 32%.} 1-0

[Event "Athens of East GM-Open 2019"]
[Site "Madurai"]
[Date "2019.08.16"]
[Round "8.10"]
[White "Baivab Mishra"]
[Black "Nitin, S.."]
[Result "1/2-1/2"]
[WhiteElo "2215"]
[BlackElo "2385"]
[Annotator "TA"]
[PlyCount "76"]
[EventDate "2019.08.11"]
[EventType "swiss"]
[EventCountry "IND"]
[SourceTitle "playchess.com"]
[Source "ChessBase"]
[SourceQuality "1"]

{[%evp 9,76,15,32,10,17,17,25,37,37,37,42,27,41,41,54,47,37,45,77,35,30,36,23,0,33,33,30,27,27,25,28,0,0,0,-4,0,13,0,0,0,35,41,59,66,51,-10,51,56,39,0,0,0,0,0,0,0,0,0,0,0,0,0,0,0,0,0,0,0,0]} 1. Nf3 Nf6 2. g3 g6 3. b3 d6 4. d4 Bg7 5. Bb2 a5 (5... c5 6. Bg2 cxd4 7. Nxd4 d5 8. O-O O-O 9. c4 e5 10. Nf3 e4 11. Nd4 dxc4 12. Nd2 cxb3 13. Qxb3 Nc6 14. Nxc6 Qxd2 15. Ne7+ Kh8 16. Nxc8 Raxc8 17. e3 {½-½ (37) Malakhov,V (2654)-Amin,B (2709) Zagreb 2018}) 6. a4 {A49: 1 d4 Nf6 2 Nf3 g6 3 g3: Anti-King's Indian systems} O-O 7. Bg2 e5 8. dxe5 {White has an edge.} Nfd7 9. O-O $146 ({Predecessor:} 9. Nc3 dxe5 10. Qd2 Na6 11. O-O Ndc5 12. Qe3 e4 13. Rad1 Qe8 {1-0 (45) Lagarde,M (2587)-Nitin,S (2414) Karlsruhe 2018}) 9... dxe5 10. Nfd2 Nc6 11. Nc4 Nb6 12. Nxb6 cxb6 13. Nc3 {[%cal Bb1c3,Bc3d5,Bd5f4][%mdl 32]} Bg4 14. h3 Be6 15. Nd5 f5 16. e3 Rf7 17. c4 e4 18. Bxg7 Rxg7 19. Nf4 Rd7 20. Qc2 Nb4 21. Qc3 Bf7 22. h4 Qf8 23. f3 exf3 24. Bxf3 Re8 25. Rad1 Rde7 26. Rfe1 Qg7 27. Qxg7+ $1 Kxg7 28. Kf2 h6 29. Bd5 Nc2 {[%cal Rc2e3] The position is equal.} 30. Bxf7 Kxf7 31. Nd5 {[#] Re2 is the strong threat.} Nxe1 32. Nxe7 Rxe7 33. Rxe1 $11 {[%mdl 4096] Endgame KR-KR} Rd7 34. Ke2 Ke6 35. b4 Rc7 36. Kd3 Rd7+ 37. Ke2 $1 Rc7 38. Kd3 $1 Rd7+ {Accuracy: White = 78%, Black = 65%.} 1/2-1/2

[Event "Athens of East GM-Open 2019"]
[Site "Madurai"]
[Date "2019.08.16"]
[Round "8.11"]
[White "Saravana, Krishnan P."]
[Black "Murali Krishnan B T"]
[Result "0-1"]
[WhiteElo "2277"]
[BlackElo "2192"]
[Annotator "TA"]
[PlyCount "64"]
[EventDate "2019.08.11"]
[EventType "swiss"]
[EventCountry "IND"]
[SourceTitle "playchess.com"]
[Source "ChessBase"]
[SourceQuality "1"]

{[%evp 10,64,0,-12,0,0,0,0,0,0,-3,-8,0,0,0,0,0,0,0,0,0,0,0,0,0,0,128,138,133,137,130,134,136,116,122,118,134,54,45,34,48,39,33,0,0,0,0,8,8,12,11,-592,-592,-592,-591,-564,-547]} 1. e4 e6 2. d4 d5 3. Bd3 dxe4 4. Bxe4 Nf6 5. Bf3 c5 6. Ne2 Nc6 {[%cal Rc5d4] C01: French: Exchange Variation} 7. Be3 cxd4 8. Nxd4 Ne5 {The position is equal.} 9. Nc3 $146 ({Predecessor:} 9. O-O Be7 10. Nc3 O-O 11. Qe2 {½-½ (16) Jurcik,M (2481)-Miton,K (2597) Slovakia 2014}) 9... a6 10. O-O Be7 11. Qe2 O-O 12. Rad1 {Hoping for Nxe6!} Qc7 13. Rfe1 Bd7 14. Bf4 Nxf3+ 15. Qxf3 Qb6 16. Be5 Rfd8 17. Qg3 Ne8 (17... Nh5 $11 18. Qg4 g6) 18. Nf5 $1 $16 exf5 19. Nd5 $1 {[%csl LRb6,LRe7][%cal Rd5b6]} Qc5 {...Bf8 is the strong threat.} 20. b4 Qxc2 {Strongly threatening ...Bf8.} 21. Nxe7+ Kh8 {[#]} 22. Qh4 $1 f4 23. Bxf4 ({Don't play} 23. Qxf4 $6 Be6 $11) (23. Nd5 $16 {And now Qe7 would win.} f6 {[#]} 24. Nxf6 $1 {[%mdl 512]} (24. Qxf4 Bc6 $11) (24. Bxf4 Bc6 $15)) 23... Bc6 $1 $14 24. Rc1 Qxa2 25. Nxc6 bxc6 26. Rxc6 Qa4 $40 {[%mdl 128] White needs to defend precisely.} 27. Qe7 {[%cal Re7f8]} Nf6 28. Rcc1 Re8 29. Qb7 a5 30. Qxf7 $2 {[%mdl 8192]} (30. Rxe8+ $11 {and White is okay.} Rxe8 31. Qxf7 Qxb4 32. g3) 30... Rxe1+ $19 {Black is clearly winning.} 31. Rxe1 {Threatens to win with Bh6!} Qxb4 {[%cal Rb4e1][%mdl 64] Double Attack} 32. Qe7 Qxf4 {Accuracy: White = 67%, Black = 87%.} 0-1

[Event "Athens of East GM-Open 2019"]
[Site "Madurai"]
[Date "2019.08.16"]
[Round "8.12"]
[White "Konguvel, Ponnuswamy"]
[Black "Lakshmi Narayanan M V"]
[Result "1/2-1/2"]
[WhiteElo "2343"]
[BlackElo "2166"]
[Annotator "TA"]
[PlyCount "73"]
[EventDate "2019.08.11"]
[EventType "swiss"]
[EventCountry "IND"]
[SourceTitle "playchess.com"]
[Source "ChessBase"]
[SourceQuality "1"]

{[%evp 19,73,64,54,58,63,56,68,81,106,62,84,72,79,0,0,-16,-16,-16,-10,-17,-10,-8,0,-16,-19,-35,-22,-41,-41,-50,-50,-50,-50,-59,-51,-61,-69,-59,-56,-47,-48,-57,-45,-47,-38,-81,-79,-85,-23,-28,-6,-7,-4,-6,-6,-11]} 1. e4 c5 2. Nf3 e6 3. d4 cxd4 4. Nxd4 a6 5. c4 Nf6 6. Nc3 Qc7 7. a3 Nc6 8. Be3 d6 9. Be2 Be7 10. O-O O-O 11. Rc1 {B41: Sicilian: Kan Variation: 5 c4} Nxd4 (11... Ne5 12. b4 Bd7 13. f4 Nxc4 14. Bxc4 Qxc4 15. Nb1 Qxc1 16. Bxc1 Nxe4 17. Nd2 Nc3 18. Qf3 Rac8 {1-0 (27) Vocaturo,D (2590)-Bischoff,K (2504) Germany 2015}) 12. Qxd4 Nd7 13. Rfd1 {White is slightly better.} b6 14. b4 Rb8 15. f4 Rd8 16. Bf3 $146 (16. Qd2 $16) ({Predecessor:} 16. f5 Ne5 17. fxe6 fxe6 18. Kh1 Bf6 {½-½ (43) Trombini,F (2065)-De Souza,R (1859) Pocos de Caldas 2015}) 16... Ne5 $1 $11 17. Be2 {And now Nd5 would win.} ({Reject} 17. fxe5 dxe5 18. Nb5 exd4 $17) 17... Bf6 {[#] Hoping for ...Nf3+!} 18. Kh1 Ng4 19. Qd2 (19. Qd3 {feels hotter.} Nxe3 20. Qxe3 h6 21. g3 Bd7 22. Bf3) 19... Nxe3 20. Qxe3 Bb7 21. Bd3 g6 22. Ne2 Qe7 23. Qxb6 Bxe4 24. Qe3 Ba8 25. Nc3 Bg7 26. Re1 Qh4 27. Qg3 Qxg3 28. hxg3 {[#]} a5 $1 {[%mdl 512]} 29. b5 (29. bxa5 Rb3) 29... h5 30. Na4 Bd4 31. Kh2 Kg7 32. Be2 h4 33. Red1 Bf6 (33... e5 $17 34. gxh4 Be3) 34. Bf3 hxg3+ 35. Kxg3 {The position is equal.} d5 36. cxd5 exd5 37. b6 {Accuracy: White = 57%, Black = 60%.} 1/2-1/2

[Event "Athens of East GM-Open 2019"]
[Site "Madurai"]
[Date "2019.08.16"]
[Round "8.13"]
[White "Rao, Siddarth Satya"]
[Black "Rajesh, V A V"]
[Result "0-1"]
[WhiteElo "2230"]
[BlackElo "2368"]
[Annotator "TA"]
[PlyCount "84"]
[EventDate "2019.08.11"]
[EventType "swiss"]
[EventCountry "IND"]
[SourceTitle "playchess.com"]
[Source "ChessBase"]
[SourceQuality "1"]

{[%evp 12,84,39,21,30,-14,-6,-14,-14,-13,-12,-15,-9,-9,0,-66,-65,-67,-60,-70,-61,-83,-56,-63,-45,-105,-99,-110,-86,-106,-106,-105,-98,-113,-122,-122,-125,-154,-148,-150,-152,-160,-129,-147,-152,-189,-177,-194,-177,-253,-252,-250,-245,-236,-237,-285,-271,-345,-327,-372,-356,-381,-345,-698,-692,-670,-679,-639,-519,-891,-889,-881,-862,-801,-795]} 1. e4 e5 2. Nf3 Nc6 3. Bb5 a6 4. Ba4 d6 5. O-O Bd7 6. d4 Nf6 7. Bxc6 Bxc6 {C79: Ruy Lopez: Steinitz-type lines with 3...a6 4 Ba4 Nf6 5 0-0 d6} 8. dxe5 (8. Re1 Be7 9. Nc3 exd4 10. Nxd4 Nd7 11. Nf5 Bf6 12. Nd5 O-O 13. Nxf6+ Qxf6 14. f3 Rfe8 15. Be3 Qg6 16. Bd4 f6 17. c4 {½-½ (47) Kobalia,M (2613)-Triapishko,A (2506) Sochi 2017}) 8... dxe5 9. Nxe5 Qxd1 {The position is equal.} ({Reject} 9... Nxe4 $6 10. Qe2 $16) 10. Rxd1 Bxe4 11. Re1 {Black must now prevent Nd2.} Be7 12. Nc3 $146 ({Predecessor:} 12. Na3 O-O 13. f3 Bxa3 14. fxe4 {½-½ (59) Rozsa,S (1915)-Borsos,B (2204) Balatonboglar 2014}) 12... Bxc2 13. Bg5 (13. Nc4 $11) 13... Bf5 $1 $15 14. Re2 Kf8 $1 15. Rae1 {Black should prevent Nxf7!} Bd6 16. a3 Be6 17. Nf3 Rd8 18. h3 {[#]} ({Better is} 18. Ne4 $15 Be7 19. Bf4) 18... h6 $1 $17 {[%cal Rh6g5]} 19. Be3 Nd5 20. Bd4 Nxc3 21. Bxc3 Kg8 22. Nd4 Bd7 23. g4 f6 24. Nf5 Bxf5 $1 25. gxf5 Kf7 26. Kg2 h5 27. Re4 Rhe8 28. Kf3 Rxe4 29. Rxe4 $19 {[%mdl 4096] Endgame KRB-KRB} Bc5 30. Rh4 {[#]} (30. Ke2 {might work better.}) 30... Bxa3 $1 {[%mdl 512]} 31. Rxh5 (31. bxa3 Rd3+) 31... Bc5 32. Rh4 b5 {[%cal Bb7b5,Bb5b4][%mdl 32]} 33. Rg4 Rd3+ 34. Kg2 Bd6 35. f3 Rd5 36. Rh4 Rxf5 37. Rh8 $2 (37. Kf2) 37... b4 {Black is clearly winning.} 38. Bd4 Rd5 39. Be3 Rd3 40. Bc1 (40. Kf2 $142 Rb3 41. Bc1) 40... Rd1 41. Be3 Rb1 42. Bd4 c5 {Accuracy: White = 22%, Black = 91%.} 0-1

[Event "Athens of East GM-Open 2019"]
[Site "Madurai"]
[Date "2019.08.16"]
[Round "8.14"]
[White "Raja Rithvik R"]
[Black "Marthandan K U"]
[Result "1-0"]
[WhiteElo "2357"]
[BlackElo "2074"]
[Annotator "TA"]
[PlyCount "73"]
[EventDate "2019.08.11"]
[EventType "swiss"]
[EventCountry "IND"]
[SourceTitle "playchess.com"]
[Source "ChessBase"]
[SourceQuality "1"]

{[%evp 14,73,27,25,53,56,112,116,110,108,125,132,129,124,125,115,149,127,164,149,229,224,405,214,270,274,399,399,411,408,403,394,407,403,393,408,453,450,442,414,391,384,371,347,330,324,360,330,381,367,368,273,324,327,702,704,960,947,941,906,884,438]} 1. d4 d5 2. c4 e6 3. Nf3 c6 4. Qc2 f5 5. g3 Bd6 6. Bg2 Nf6 7. O-O O-O 8. Nc3 Nbd7 {A90: Dutch Defence: Miscellaneous and Modern Stonewall (with ...Bd6)} (8... Qe7 9. Rb1 Bd7 10. c5 Bc7 11. b4 Ne4 12. Nxe4 fxe4 13. Bg5 Qf7 14. Ne5 Bxe5 15. dxe5 Be8 16. f3 Nd7 17. fxe4 {½-½ (48) Wojtaszek,R (2750)-Sadzikowski,D (2588) Warsaw 2018}) 9. cxd5 Nxd5 ({Black should try} 9... cxd5 $14 10. Nb5 Bb8) 10. e4 $16 fxe4 {White is better.} 11. Nxe4 N7f6 12. Nxd6 Qxd6 13. Bd2 Bd7 14. Rfe1 Rac8 $146 ({Predecessor:} 14... Rae8 15. Re2 Re7 16. Rae1 {1-0 (51) Groetzbach,J (2246)-Schroeder,C (2174) Hamburg 2017}) 15. Qc5 Qb8 16. Ne5 b6 {[#]} (16... Rce8 $16 17. Qa3 Bc8) 17. Qa3 $1 $18 Rfe8 $2 (17... Rc7 18. Nxd7 Rxd7 19. Rxe6 Qc8) 18. Bh3 (18. g4 $142) 18... Qb7 19. Nc4 c5 (19... a5 $142 20. Nd6 Qc7 21. Nxc8 Bxc8) 20. Nd6 Qc6 21. Nxe8 ({Don't take} 21. Nxc8 Bxc8 22. dxc5 (22. Qxa7 e5 $16) 22... Bb7 $18) 21... Rxe8 22. dxc5 bxc5 23. Rac1 c4 24. Bg2 Rc8 25. b3 Qb5 26. bxc4 Rxc4 27. Bf1 Qa4 28. Qxa4 Rxa4 29. Rc2 Ra3 30. Rb2 Kf7 31. Rc1 Ne4 32. Rc4 Nd6 33. Rc5 Nf5 $2 {[#]} (33... Ke7 34. Bg2 Rd3 35. Bxd5 Rxd5) 34. Rb7 {White is clearly winning.} Ke8 35. Bb5 Nd6 36. Rxd7 Nxb5 37. Rdxd5 {Accuracy: White = 72%, Black = 22%.} ({Weaker is} 37. Rxb5 Kxd7 38. Rb7+ Kc6 $14) (37. Rxg7 $142 {[%cal Rc5c8]} Nd6 38. Rc6) 1-0